00560 2200205 4500245004900000020001800049250001100067100001900078700001800097700001200115650001700127005001900144260004100163041001400204084001300218300003200231500007100263336000900334338001100343 aMoonlight Diana Vol. 1cIisaka, YukakohText a979-20-9600-0 aCet. 1 aIisaka, Yukako aYuli Restiani aBinarti aKomik Jepang a20230131104257 aJakartabElex Media Komputindoc2006 aIndonesia a741.5592 a... jil. :bilus. ;c17 cm. aJudul asli : Gekko No Diana Vol. 1Diterjemahkan dari bahasa Jepang atext avolume